LEADER 01520nam 2200373 450 001 000008482 005 20050718115300.0 010 $a88-324-3226-9 100 $a20010710d1997----km-y0itay0103----ba 101 0 $aita 102 $aIT 200 1 $aManuale di pianificazione del paesaggio$epianificazione ecologica, analisi paesaggistica, criteri di pianificazione, valutazione di impatto sul paesaggio, piani del verde e piani del paesaggio, recupero ambientale, normativa, tavole e schemi illustrativi$fGilberto Oneto 210 $aMilano$c<> Sole 24 Ore Pirola$d1997 215 $aIX, 559 p., XVI p. di tav.$cill.$d24 cm. 225 1 $aAmbiente territorio$iEdilizia urbanistica 606 $aPaesaggio$xsistemazione 606 $aPianificazione territoriale 676 $a712$v(20.ed.)$9Paesistica (Architettura del paesaggio) 700 1$aOneto,$bGilberto$07698 801 0$aIT$bUniversità della Basilicata - B.I.A.$gRICA$2unimarc 912 $a000008482 996 $aManuale di pianificazione del paesaggio$977378 997 $aUNIBAS BAS $aMONAGR BAS $aMONOGR BAS $aAGRARIA CAT $aTORRE$b20$c20010710$lBAS01$h1026 CAT $c20050601$lBAS01$h1754 CAT $abatch$b01$c20050718$lBAS01$h1049 CAT $c20050718$lBAS01$h1109 CAT $c20050718$lBAS01$h1139 CAT $c20050718$lBAS01$h1153 FMT Z30 -1$lBAS01$LBAS01$mBOOK$1BASA2$APolo Tecnico-Scientifico$2DID$BDidattica$3PTS.s2.p18.4$698115$5A98115$820010710$f04$FPrestabile Didattica LEADER 01779nas 2200481- 450 001 9910897801403321 005 20250327151904.0 011 $a2336-808X 035 $a(CKB)2560000000302917 035 $a(CONSER)--2015262072 035 $a(EXLCZ)992560000000302917 100 $a20150629a20149999 --- - 101 0 $aeng 181 $ctxt$2rdacontent 182 $cc$2rdamedia 183 $acr$2rdacarrier 200 10$aConvivium $eexchanges and interactions in the arts of Medieval Europe, Byzantium, and the Mediterranean 210 1$a[Brno, Czech Republic] :$cMasaryk University,$d2014- 215 $a1 online resource 300 $aIssues also have title, Seminarium Kondakovianum, series nova, a reference to an earlier publication issued 1928-1940. 300 $aRefereed/Peer-reviewed 311 08$aPrint version: Convivium (Brno, Czech Republic) 2336-3452 (DLC) 2015262072 (OCoLC)912315699 517 1 $aSeminarium Kondakovianum, series nova 606 $aMiddle Ages$xArt$vPeriodicals 606 $aArt, Byzantine$vPeriodicals 606 $aArt$2fast$3(OCoLC)fst00815177 606 $aArt, Byzantine$2fast$3(OCoLC)fst00816072 607 $aMediterranean Region$xArt$vPeriodicals 607 $aMediterranean Region$2fast 608 $aPeriodicals.$2fast 608 $aPeriodicals.$2lcgft 615 0$aMiddle Ages$xArt 615 0$aArt, Byzantine 615 7$aArt. 615 7$aArt, Byzantine. 712 02$aUniversite? de Lausanne.$bSection d'histoire de l'art, 712 02$aMasarykova univerzita v Brne?.$bSemina?r? de?jin ume?ni?, 712 02$aU?stav de?jin ume?ni? AV C?R, 906 $aJOURNAL 912 $a9910897801403321 920 $aexl_impl conversion 996 $aConvivium$9558051 997 $aUNINA